| 000 | 00664nam a2200217 u 4500 | ||
|---|---|---|---|
| 005 | 20240831063709.0 | ||
| 008 | 080219s2006 es r 000 0 spa d | ||
| 020 | _a8423681866 | ||
| 035 | _aUPN01000154283 | ||
| 049 | _aI | ||
| 050 | 4 |
_aPZ78 _bF4.6 |
|
| 100 | 1 |
_aFernández Paz, Agustín, _d1947- _932562 |
|
| 245 | 1 | 0 |
_aQuerido enemigo / _cAgustín Fernández Paz ; il. Tesa González ; tr. Isabel Soto. |
| 260 |
_aBarcelona, Esp. : _bEdebé, _c2006. |
||
| 300 |
_a50 p. _bil. col. |
||
| 440 | 0 |
_aTucan 8+ ; _v37 |
|
| 534 |
_pTítulo original: _tQuerido inimigo |
||
| 650 | 4 |
_aCuentos infantiles españoles _97725 |
|
| 905 | _aInfantil | ||
| 999 |
_c126400 _d126400 |
||